Tous les 1042 arrêts de tram et bus de Nantes (Naolib) - Statistiques

Statistiques générales
  • Ce quiz a été pris 25 fois
  • Le résultat moyen est 108 sur 1042
Statistiques - réponses
Arrêt % Correct
Bouffay
83%
Commerce
83%
Duchesse Anne - Château
75%
Haluchère - Batignolles
75%
Pirmil
75%
50 Otages
67%
Babinière
67%
Beaujoire
67%
École Centrale - Audencia
67%
Gare Maritime
67%
Gare Nord - Jardin des Plantes
67%
Gare Sud
67%
Hangar à Bananes
67%
Hôtel Dieu
67%
Mairie de Doulon
67%
Médiathèque
67%
Motte Rouge
67%
Place du Cirque
67%
Ranzay
67%
Souillarderie
67%
St-Félix
67%
St-Mihiel
67%
Aimé Delrue
58%
Bd de Doulon
58%
Facultés
58%
Jamet
58%
Landreau
58%
Michelet
58%
Moutonnerie
58%
Orvault
58%
Petit Port
58%
Pin Sec
58%
Recteur Schmitt
58%
Viarme-Talensac
58%
Vincent Gâche
58%
Wattignies
58%
8 Mai
50%
Chantiers Navals
50%
François Mitterrand
50%
Gare de Pont Rousseau
50%
Hôpital Bellier
50%
Hôtel de Ville
50%
Les Couëts
50%
Le Tour
50%
Mangin
50%
Manufacture
50%
Marcel Paul
50%
Neruda
50%
Neustrie
50%
Pont Rousseau - Martyrs
50%
St-Nicolas
50%
St-Pierre
50%
Talensac
50%
Alexandre Vincent - Ste-Thérèse
42%
Balinière
42%
Beaulieu
42%
Bellevue
42%
Bourgeonnière
42%
Bretagne
42%
Château de Rezé
42%
Chocolaterie
42%
Copernic - Musées
42%
Delorme
42%
Égalité
42%
Félix Faure
42%
Foch - Cathédrale
42%
Gare de Chantenay
42%
Grande Ouche
42%
Greneraie
42%
Halvêque
42%
Île de Nantes
42%
Le Cardo
42%
Orvault Grand Val
42%
Orvault Morlière
42%
Porte de Vertou
42%
Procé
42%
Quai des Antilles
42%
Rond-Point de Paris
42%
Rond-Point de Vannes
42%
Schoelcher
42%
St-Donatien
42%
Tertre
42%
Tourmaline
42%
Trianon
42%
Zénith
42%
Armor
33%
Beauséjour
33%
Belges - Montbazon
33%
Berlin
33%
Chalâtres
33%
Chantrerie - Grandes Écoles
33%
Chanzy
33%
Chêne des Anglais
33%
Cité des Congrès
33%
Clos Toreau
33%
Conservatoire
33%
Coudray
33%
Croissant
33%
Desaix
33%
Du Chaffault
33%
Edith Piaf
33%
Espace Diderot
33%
Harouys
33%
Haubans
33%
Hôtel de Région
33%
Jean Jaurès
33%
Joliverie
33%
Jules Verne
33%
Le Chêne
33%
Malakoff
33%
Maraîchers
33%
Morrhonnière - Petit Port
33%
Nizan
33%
Platanes
33%
Pompidou
33%
Portail Rouge
33%
Porte de La Chapelle
33%
René Cassin
33%
République
33%
Rond-Point de Rennes
33%
Santos Dumont
33%
Saupin
33%
Sillon de Bretagne
33%
Trentemoult
33%
Aéroport
25%
Américains
25%
Anatole France
25%
Bas-Chantenay
25%
Batignolles
25%
Boissière
25%
Bonde
25%
Bourdonnières
25%
Cambronne
25%
Canclaux
25%
Châlet
25%
Chalonges
25%
Chapeau Verni
25%
Chassay
25%
Châtaigniers
25%
Cirque - Marais
25%
Clairais
25%
Croix Bonneau
25%
Édit de Nantes
25%
Éraudière
25%
Fac de Droit
25%
Fac de Lettres
25%
Frachon
25%
Galarne
25%
Gare de l'État
25%
Hérelle
25%
Hermeland
25%
Hongrie
25%
Jean Ingres
25%
Jean Macé
25%
Jean Rostand
25%
Keren
25%
Koufra
25%
La Croix
25%
Lallié
25%
Lechat
25%
Lieu Unique
25%
Lombarderie
25%
Longchamp
25%
Mendès France - Bellevue
25%
Mondésir
25%
Monteil
25%
Moulin
25%
Parc
25%
Parc des Sports
25%
Perray
25%
Plaisance
25%
Plessis
25%
Poincaré
25%
Poitou
25%
Pont de la Métairie
25%
Pontecorvo
25%
Port Boyer
25%
Portricq
25%
Prairie au Duc
25%
San Francisco
25%
Sophie Trébuchet
25%
Ste-Luce
25%
St-Jean
25%
St-Paul - Salengro
25%
Toutes Aides
25%
Toutes Joies
25%
Tripode
25%
Trocardière
25%
Vertou
25%
Vincent Auriol
25%
Walt Disney
25%
Abel Durand
17%
Ambroise Paré
17%
Basse Chênaie
17%
Basse-Goulaine
17%
Basse-Indre
17%
Bd des Anglais
17%
Beauger
17%
Bel Air
17%
Berlioz
17%
Bertrand
17%
Bignon
17%
Bois des Anses
17%
Bonne Garde
17%
Bougainville
17%
Bout des Pavés
17%
Bretéché
17%
Bruneau
17%
Camus
17%
Carquefou
17%
Centre de Thouaré
17%
Champ de Courses
17%
Charbonneau
17%
Châtelets
17%
Cochard
17%
Coty
17%
Croix Jeannette
17%
Dalby
17%
Dervallières
17%
Doumer
17%
École Vétérinaire
17%
Écosse
17%
Eglantine
17%
Embellie
17%
Équipement
17%
Fallières
17%
Félix Tableau
17%
Ferrière
17%
Flora Tristan
17%
Gambetta
17%
Grignon
17%
Guindré
17%
Halbarderie
17%
Hippodrome
17%
ICAM
17%
Iroise
17%
Jonelière
17%
La Carrée
17%
La Coulée
17%
La Garde
17%
Lamartine
17%
Lamoricière
17%
La Roche
17%
Lauriers
17%
Le Goffic
17%
Le Halleray
17%
Lemoine
17%
Le Nain
17%
Les Faulx
17%
Les Roches
17%
Les Salles
17%
Les Sorinières
17%
Linot
17%
Littré
17%
Lusançay
17%
Mairie de Chantenay
17%
Mairie de Rezé
17%
Mairie des Sorinières
17%
Mairie de St-Herblain
17%
Mandel
17%
Mauvoisins
17%
Mellinet
17%
Mitrie
17%
Patouillerie
17%
Petit Port - Facultés
17%
Plessis Tison
17%
Point du Jour
17%
Pont du Cens
17%
Pouliguen
17%
Prairie de Mauves
17%
Rennes - Longchamp
17%
Romanet
17%
Sables d'Or
17%
Salorges
17%
Stade
17%
Stade SNUC
17%
St-Aignan
17%
St-Aignan de Grand Lieu
17%
St-Clément
17%
St-Jacques
17%
St-Sébastien
17%
St-Stanislas
17%
Sully Prudhomme
17%
Terray
17%
Tillay
17%
Tortière
17%
Trentemoult Sablières
17%
Trois Moulins
17%
Vesprées
17%
Zola
17%
Abbé Chérel
8%
Adrienne Bolland
8%
Aéroclub
8%
Aérospatiale
8%
Airbus
8%
Allende
8%
Angebardière
8%
Angevinière
8%
Aristide Briand
8%
Augé
8%
Basse Île
8%
Baugerie
8%
Bd Charles Gautier
8%
Beaugency
8%
Bêle
8%
Bellestre
8%
Belloc
8%
Bergeronnettes
8%
Bernanos
8%
Blanchet
8%
BN
8%
Bois de La Noé
8%
Bois Hardy
8%
Bois St-Lys
8%
Bonneville
8%
Bougon
8%
Bougrière
8%
Boulay Paty
8%
Bourdonnais
8%
Bourgonnière
8%
Bouteillerie
8%
Bouvardière
8%
Brains
8%
Branchoire
8%
Buisson
8%
Cabrol
8%
Cadoire
8%
Canal
8%
Carrière Misery
8%
Cartier
8%
Casimir Perier
8%
Casterneau
8%
Castorama
8%
Centre de Bouaye
8%
Centre de Carquefou
8%
Chambelles
8%
Champ de Manoeuvre
8%
Champ Fleuri
8%
Charmille
8%
Chauvinière
8%
Chézine
8%
Clémencière
8%
Clétras
8%
Clos du Moulin
8%
Colinière
8%
Congo
8%
Convention
8%
Corberie
8%
Corbinerie
8%
Corbon
8%
Couchant
8%
Couëron Bougon
8%
Couëron Océan
8%
Courteline
8%
Cousteau
8%
Crémetterie
8%
De Gaulle
8%
Delacroix
8%
Déportés
8%
Diane
8%
Douettée
8%
Échoppes
8%
Écoles
8%
Embarcadère
8%
Fardière
8%
Fauvelière
8%
Fleuriaye
8%
Fonderies
8%
Fontaine
8%
Forêt
8%
Frêne Rond
8%
Fresche Blanc
8%
Gare des Pas Enchantés
8%
Gare de Vertou Nord
8%
Gare de Vertou Sud
8%
Gaston Veil
8%
Germaine Tillion
8%
Gibraye
8%
Gicquelière
8%
Grand Blottereau
8%
Grand Carcouët
8%
Grande Censive
8%
Grand Portail
8%
Grange au Loup
8%
Grezillières
8%
Gripots
8%
Grootaers
8%
Guy Mollet
8%
Haute Gournière
8%
Haute Lande
8%
Hauts de Couëron
8%
Hôpital Laënnec
8%
Housseau
8%
ICO
8%
Internat Laënnec
8%
IUT
8%
Janvraie
8%
Jean Moulin
8%
Koenig
8%
La Chapelle Aulnay
8%
La Close
8%
Ladoumègue
8%
La Ferme
8%
La Forêt
8%
La Grille
8%
La Haie
8%
La Montagne
8%
Léon Jost
8%
Léon Say
8%
Le Pellerin
8%
Les Ailes
8%
Leygues
8%
Loire
8%
Lourneau
8%
Lycée d'Orbigny
8%
Madeleine
8%
Mainguais
8%
Mairie de Couëron
8%
Mairie d'Indre
8%
Maison d'Arrêt
8%
Maison des Arts
8%
Maurienne
8%
Monge - Chauvinière
8%
Moulin Boisseau
8%
Moulin Cassé
8%
Moulin de Porterie
8%
Naudières
8%
Newton
8%
Noé Cottée
8%
Noë Lambert
8%
Noëlles
8%
Nouveau Bêle
8%
Ouche des Landes
8%
Parc Chantrerie
8%
Parc Potager
8%
Pavillon
8%
Pégers
8%
Perrines
8%
Perron
8%
Piano'cktail
8%
Pinier
8%
Pipay
8%
Place des Pêcheurs
8%
Planchonnais
8%
Pôle Sud
8%
Polyclinique
8%
Polytech
8%
Portechaise
8%
Porte de Rezé
8%
Portereau
8%
Pré Poulain
8%
Prières
8%
Profondine
8%
Pyramide
8%
Quai Surcouf
8%
Quintaine
8%
Ragon
8%
Raoul Dufy
8%
Renan
8%
Repos de Chasse
8%
Retas
8%
Romain Rolland
8%
Roseraie
8%
Rouet
8%
Route de la Chapelle
8%
Route de Paris
8%
Rue de Mauves
8%
Rue de Nantes
8%
Sautron
8%
Savarières
8%
Schweitzer
8%
Sercel
8%
Sorin
8%
Souchais
8%
Square Daviais
8%
St-Jean-Baptiste de la Salle
8%
St-Joseph de Porterie
8%
St-Laurent
8%
Suzanne Lenglen
8%
Thébaudières
8%
Trémissinière
8%
Tribunes
8%
Trois Métairies
8%
Usine à gaz
8%
Vallée
8%
Verger
8%
Verlaine
8%
Vieux Doulon
8%
Village Expo
8%
Willy Brandt
8%
Aiguillon
0%
Ampère
0%
Angle Chaillou
0%
Antarès
0%
Antons
0%
Apave
0%
Aquitaine
0%
Arago
0%
Arbois
0%
Arcades
0%
Argonautes
0%
Armoricaine
0%
Audubon
0%
Aulne
0%
Aurore
0%
Aveneaux
0%
Avenue des Pins
0%
Bac de Couëron
0%
Bac d'Indret
0%
Bac du Pellerin
0%
Bagatelle
0%
Barbinière
0%
Baronnière
0%
Basse Orévière
0%
Basses Jouannes
0%
Bastière
0%
Bastille
0%
Baudelaire
0%
Bd des Sports
0%
Beauregard
0%
Beau Soleil
0%
Beauvaiserie
0%
Beauvoir
0%
Beillevaire
0%
Belem
0%
Bel Endroit
0%
Bel Être
0%
Belle Etoile
0%
Belle Île
0%
Bélouga
0%
Bénélux
0%
Bénoni Goulin
0%
Bergerie
0%
Berligout
0%
Bessonneau
0%
Bigeottière
0%
Bignonnet
0%
Bignons
0%
Bio Ouest Laënnec
0%
Blanchetière
0%
Blancho
0%
Blordière
0%
Bobby Sands
0%
Bodinières
0%
Boisbonne
0%
Bois Cesbron
0%
Bois Jaulin
0%
Bois Raguenet
0%
Bois Robillard
0%
Bois Tillac
0%
Boris Vian
0%
Bossis
0%
Bottière
0%
Boulodrome
0%
Bourderies
0%
Bourgogne
0%
Bourrelière
0%
Bout des Landes
0%
Boutière
0%
Bouvernière
0%
Bouvre
0%
Bréchetière
0%
Bretinais
0%
Bretonnière
0%
Briandière
0%
Brindais
0%
Brossais
0%
Brouillard
0%
Bugallière
0%
Bussonnière
0%
Butte des Landes
0%
Buzardières
0%
Caboteurs
0%
Californie
0%
Capellia
0%
Capitaine Grant
0%
Carrières
0%
Carterons
0%
Cassegrain
0%
Centaure
0%
Centre de Bouguenais
0%
Centre de La Chapelle
0%
Centre de Mauves
0%
Chabossière
0%
Champ de Foire
0%
Champonnière
0%
Chapeau Berger
0%
Chapelet
0%
Chapelle Laënnec
0%
Chapelles
0%
Charbonnière
0%
Charmes
0%
Château D'Aux
0%
Châtelier
0%
Chat qui Guette
0%
Chaupières
0%
Chaussée
0%
Chausserie
0%
Chemin Bleu
0%
Chemin Rouge
0%
Chêne Creux
0%
Chêne Gala
0%
Chevalerie
0%
Cheverny
0%
Cheveux Blancs
0%
Chinon
0%
Choblèterie
0%
Chohonnière
0%
Cholière
0%
Cimetière Gaudinière
0%
Cimetière La Montagne
0%
Cimetière St-Clair
0%
Cimetière St-Joseph
0%
Cimetière Vieux Doulon
0%
Claire Roman
0%
Classerie
0%
Claude Bernard
0%
Clos Ami
0%
Closeaux
0%
Clos Roux
0%
Clos Siban
0%
Clotais
0%
Clouet
0%
Clouzeaux
0%
Cochardières
0%
Colonac
0%
Conraie
0%
Coqueluchon
0%
Corlay
0%
Cormerais
0%
Corniche
0%
Coteaux
0%
Coupries
0%
Courocerie
0%
Coutancière
0%
Cravate
0%
Crétinières
0%
Criport
0%
Croisy
0%
Croix de Rezé
0%
Croix des Fosses
0%
Croix Truin
0%
Curie
0%
Cuvier
0%
D2A - Aéroport
0%
Danais
0%
Danemark
0%
Danube
0%
Davum
0%
Dayat
0%
Désirade
0%
Desmoulins
0%
Dolto
0%
Domaine
0%
Drillet
0%
Droitière
0%
Drouillard
0%
Druides
0%
Duguay Trouin
0%
Dukas
0%
Dumont d'Urville
0%
Dunant
0%
Écobuts
0%
Eglise
0%
Einstein
0%
Enchanterie
0%
Ennerie Corbon
0%
Épinais
0%
Epinay
0%
Erdreau
0%
Escall
0%
Eugène Sue
0%
Europe
0%
Faneurs
0%
Fantaisie
0%
Fief Guérin
0%
Fleurs
0%
Floride
0%
Forum d'Orvault
0%
Foulquier
0%
Fraîches
0%
François Baudry
0%
François II
0%
Franklin
0%
Frébaudière
0%
Frégate
0%
Frémoire
0%
Frênes
0%
Frères Rousseau
0%
Fresnel
0%
Fructidor
0%
Gachet
0%
Gagnerie
0%
Galheur
0%
Gare de Bouaye
0%
Gare de Couëron
0%
Gare de La Chapelle
0%
Gare de Mauves
0%
Gare d'Indre
0%
Garenne
0%
Garettes - Landreau
0%
Garillère
0%
Garotterie
0%
Gâtine
0%
Gauguin
0%
Gautellerie
0%
Gendronnerie
0%
George Sand
0%
Géraudière
0%
Gesvres
0%
Gesvrine
0%
Gilarderie
0%
Gilière
0%
Glacisol
0%
Gobinière
0%
Goldens
0%
Golf
0%
Gournière
0%
Grammoire
0%
Grande-Bretagne
0%
Grande Lande
0%
Grande Noëlle
0%
Grande Pièce
0%
Grand Fief
0%
Grassinière
0%
Grillaud
0%
Grimau
0%
Grimm
0%
Grolerie
0%
Guerivières
0%
Guiblinière
0%
Guilloterie
0%
Gustave Roch
0%
Hameau Fleuri
0%
Haudrière
0%
Haute Forêt
0%
Haute Île
0%
Haute-Indre
0%
Herbray
0%
Houmaille
0%
Île de France
0%
Île Macé
0%
Île Pénot
0%
Îles de Loire
0%
Imprimeurs
0%
Islettes
0%
Jacqueline Auriol
0%
Jacques Cartier
0%
Jaguère
0%
Jahardières
0%
Jalière
0%
Japy
0%
Jardins de Gaïa
0%
Jarriais
0%
Jaunaie
0%
Jaunais
0%
Jean Bart
0%
Jean Fraix
0%
Jean Monnet
0%
Jeanne Bernard
0%
Jean Perrin
0%
Joncours
0%
Jouetterie
0%
Juiverie
0%
Jules Ferry
0%
Jules Vallès
0%
Jumelière
0%
Jupiter
0%
Justice
0%
La Barre
0%
Lac de Beaulieu
0%
La Cochère
0%
La Cogne
0%
La Côte
0%
Lagathu
0%
La Hache
0%
La Herdrie
0%
La Houssais
0%
La Lorie
0%
La Marche
0%
Lambert
0%
Landas
0%
L'Angebert
0%
La Noue
0%
La Plée
0%
La Plume
0%
L'Arche
0%
Largeau
0%
La Salle
0%
La Source
0%
L'Aufrère
0%
Launay
0%
Laurier Fleuri
0%
L'Ébaupin
0%
Le Cellier
0%
Le Clémois
0%
Le Corbusier
0%
Lefeuvre
0%
Léo Lagrange
0%
Les Anges
0%
Les Bauches
0%
Les Lions
0%
Levoyer
0%
L'Hôpitau
0%
Libération
0%
Lilas
0%
Lindbergh
0%
Lionnière
0%
Lippmann
0%
Lonnières
0%
Louis Breguet
0%
Louise Michel
0%
Lycée Appert
0%
Lycée Brottier
0%
Lycée Rieffel
0%
Madame Curie
0%
Madoire
0%
Magellan
0%
Magnoliers
0%
Mahaudières
0%
Mail
0%
Maillardière
0%
Mairie de Bouguenais
0%
Mairie de Carquefou
0%
Mairie d'Orvault
0%
Maison Neuve
0%
Maison Poitard
0%
Maison Radieuse
0%
Maladrie
0%
Malnoue
0%
Malraux
0%
Mandon
0%
Marché Commun
0%
Marguyonnes
0%
Marie Galante
0%
Marquis de Dion
0%
Marrière
0%
Marseillaise
0%
Martellière
0%
Marterie
0%
Marzilles
0%
Matière
0%
Mazères
0%
Méditerranée
0%
Méliès
0%
Melpomène
0%
Ménétrier
0%
Mermoz
0%
Métairie
0%
Mignonnerie
0%
Millenia
0%
Millepertuis
0%
Mimosas
0%
Minais
0%
Minoterie
0%
Mississipi
0%
Mocquelière
0%
Moinard
0%
Moinet
0%
Mongendrière
0%
Mont Blanc
0%
Monzie
0%
Morges
0%
Morlachère
0%
Mortier Vannerie
0%
Mortrais
0%
Mouettes
0%
Moulin à l'Huile
0%
Moulin Brûlé
0%
Moulin des Landes
0%
Moulinets
0%
Moulin Hérel
0%
Moulinier
0%
Moulin Neuf
0%
Moulin Rothard
0%
Mulonnière
0%
Niagara
0%
Nil
0%
Noë Allais
0%
Noé Blanche
0%
Noë Nozou
0%
Noë Rocard
0%
Noë St Jean
0%
North House
0%
Océane
0%
Oliveraie
0%
Olivier
0%
Olympe de Gouges
0%
Onchères
0%
Ordronneau
0%
Ouche Cormier
0%
Ouche Quinet
0%
Pablée
0%
Pagerie
0%
Paimboeuf
0%
Paix
0%
Palmiers
0%
Papillons
0%
Papotière
0%
Parc Bel Air
0%
Parc de la Sèvre
0%
Pas d'Ane
0%
Pasteur
0%
Patache
0%
Patis Brûlé
0%
Patis Rondin
0%
Patis Viaud
0%
Pâtures
0%
Pelousière
0%
Perdriaux
0%
Perrières
0%
Petit Anjou
0%
Petit Bois
0%
Petit Breton
0%
Petit Chantilly
0%
Petite Censive
0%
Petit Plessis
0%
Petit Rocher
0%
Petit Village
0%
Pétrels
0%
Picabia
0%
Picaudière
0%
Pierre
0%
Pierre Blanche
0%
Place St-Méen
0%
Placis
0%
Planche Etienne
0%
Plantiveau
0%
Planty
0%
Platière
0%
Plinguetière
0%
Ploreau
0%
Pluchets
0%
Pommeraie
0%
Pont Allard
0%
Pont de Chézine
0%
Pontereau
0%
Pont Marchand
0%
Port aux Meules
0%
Porte de Sautron
0%
Porte Douillard
0%
Portillon
0%
Port la Blanche
0%
Port launay
0%
Poste
0%
Potiron
0%
Pottier
0%
Poulbot
0%
Poulenc
0%
Poyaux
0%
Praudière
0%
Pré Hervé
0%
Pressoir
0%
Preux
0%
Prieuré
0%
Primevères
0%
Printemps
0%
Purfina
0%
Quai Brunais
0%
Rabine
0%
Radigois
0%
Ravardière
0%
Razée
0%
Rédras
0%
Reigniers
0%
Reinetière
0%
Renardières
0%
Renaudières
0%
Renault
0%
René Bernier
0%
René Bouhier
0%
Reynière
0%
Rinière
0%
Ripossière
0%
Rivaudière
0%
Robert Scott
0%
Robinière
0%
Rocade
0%
Roche Ballue
0%
Roche Maurice
0%
Rocher
0%
Roches Vertes
0%
Rochu
0%
Rosenberg
0%
Rouleaux
0%
Rousselière
0%
Roussière
0%
Rue d'Indre
0%
Ruette
0%
Salentine
0%
Saphirs
0%
Sarrail
0%
Sartre
0%
Saules
0%
Savaudière
0%
Savonnières
0%
Sébilleau
0%
Seil
0%
Sèvres
0%
Simone Signoret
0%
Sinière
0%
Solidarité
0%
Solvardière
0%
Souchais École
0%
Soweto
0%
St-Blaise
0%
Stévin
0%
St-Exupéry
0%
St-Jean-de-Boiseau
0%
St-Léger-les-Vignes
0%
St-Martin
0%
St-Michel
0%
Syrma
0%
Tabarly
0%
Télindière
0%
Terpsichore
0%
Terres Neuvas
0%
Terres Quartières
0%
Théatre
0%
Tougas
0%
Tour Eiffel
0%
Touzelles
0%
Tréca
0%
Tredégar
0%
Trois Chênes
0%
Usine Brûlée
0%
Utrillo
0%
Val du Cens
0%
Vaucanson
0%
Véga
0%
Verdure
0%
Verrière
0%
Vertonne
0%
Vert Praud
0%
Vieux Four
0%
Ville au Denis
0%
Villeneuve
0%
Vincent Scotto
0%
Violettes
0%
Vison
0%
Viviers
0%
Vrière
0%
Aucun quiz correspondant
Distribution des résultats
% des personnes avec chaque résultat
Percentile par nombre de réponses
Votre historique - résultats
Vous n’avez pas pris ce quiz